[Event "Kashem Chowdhury Rating-A 2019"]
[Site "Dhaka"]
[Date "2019.05.11"]
[Round "8.2"]
[White "Rahman, Ziaur"]
[Black "Sonkalan Bharati"]
[Result "1-0"]
[WhiteElo "2485"]
[BlackElo "2122"]
[Annotator "TA"]
[PlyCount "61"]
[EventDate "2019.05.04"]
[EventType "swiss"]
[EventCountry "BAN"]
[SourceTitle "playchess.com"]
[Source "ChessBase"]
[SourceQuality "1"]

{[%evp 9,61,24,17,0,20,20,33,23,58,29,58,65,71,59,94,69,70,65,68,68,59,22,82,71,109,68,115,56,58,-74,84,50,204,143,214,217,192,154,354,323,482,234,1778,1745,1529,1135,5389,1654,29989,1550,29997,29998,29998,29999]} 1. d4 Nf6 2. Bg5 e6 3. e4 h6 4. Bxf6 Qxf6 5. c3 d6 6. Bc4 {A45: Trompowsky Attack} c6 $146 ({Predecessor:} 6... Qg6 7. Qf3 Nc6 8. Ne2 Be7 9. Nd2 e5 10. d5 Nb8 11. Ng3 Qg4 12. Qd3 g6 13. h3 Qf4 {½-½ (45) Duda,J (2738)-Miton,K (2588) St Petersburg 2018}) 7. Nd2 d5 8. Bd3 {White is slightly better.} b6 9. Ne2 Ba6 10. Bxa6 Nxa6 11. O-O Nc7 12. Qa4 b5 $1 {[%cal Rb5a4]} 13. Qc2 Qd8 14. e5 Be7 15. f4 g6 (15... O-O $11 {remains equal.}) 16. g4 Kd7 17. a4 a6 18. b3 (18. f5 $16) 18... h5 $14 19. c4 (19. g5 $1 $14 {stays ahead.}) 19... Qb8 $2 (19... hxg4 $17 {and life is bright.} 20. cxb5 axb5) 20. f5 $16 Qb7 $2 ({Black should try} 20... hxg4 $14 21. fxe6+ (21. fxg6 fxg6 22. Rac1 dxc4 $16) 21... fxe6) 21. fxe6+ fxe6 (21... Nxe6 $16 {was necessary.} 22. Rxf7 Raf8) 22. Nf4 $18 (22. Qxg6 Rag8 $15) 22... Rag8 23. axb5 (23. Nxg6 Qa7) 23... axb5 $2 (23... cxb5 $16 24. c5 (24. Nxg6 Rh6 $16) 24... Rh6 25. gxh5 gxh5+ 26. Kh1 Qa8) 24. cxd5 ({Resist} 24. Nxg6 Rxg6 25. Qxg6 bxc4 $18) 24... Nxd5 (24... cxd5 $142 25. Nxg6 Qb6) 25. Ne4 (25. Nd3 $142 {Strongly threatening Nc5+.} Ke8 26. Rfc1) 25... Qb6 $2 (25... Ne3 26. Nc5+ {[%mdl 64] Double Attack} Kc8) 26. Nc5+ Bxc5 27. dxc5 Qd8 28. Ra7+ (28. Nxd5 $142 Qb8 29. Nf6+ Kc8 30. Nxg8 Rxg8 31. Rf7 Rd8 32. Qxg6 {[%mdl 64] Double Attack} Qb7 33. Qxe6+ Kb8 34. Rxb7+ Kxb7 35. Qe7+ {[%mdl 64] Double Attack} Rd7 36. Qxd7+ Kb8 37. Qxc6 hxg4 38. Ra8#) 28... Ke8 29. Nxe6 (29. Nxd5 $142 Qxd5 {[#]} 30. Rf8+ $1 {[%mdl 576] Deflection} Rxf8 31. Qxg6+ {[%mdl 64] Double Attack} Kd8 32. Ra8+ Kc7 33. Qg7+ $1 {[%mdl 576] Double Attack} Qd7 34. Ra7+ {[%mdl 64] Skewer} Kb8 35. Rxd7) 29... Qh4 {[#]} 30. Rf8+ $1 {[%mdl 576] Deflection} Rxf8 31. Qxg6+ {Accuracy: White = 41%, Black = 21%.} 1-0

[Event "Kashem Chowdhury Rating-A 2019"]
[Site "Dhaka"]
[Date "2019.05.11"]
[Round "8.3"]
[White "Subrota, Biswas"]
[Black "Mohammad Minhaz Uddin"]
[Result "0-1"]
[WhiteElo "2086"]
[BlackElo "2294"]
[Annotator "TA"]
[PlyCount "38"]
[EventDate "2019.05.04"]
[EventType "swiss"]
[EventCountry "BAN"]
[SourceTitle "playchess.com"]
[Source "ChessBase"]
[SourceQuality "1"]

{[%evp 19,94,17,45,45,42,42,42,43,44,34,56,0,0,0,0,-39,-38,-41,0,0,0,0,0,0,0,0,0,0,0,-39,-38,-39,-28,-91,-98,-107,-108,-148,-147,-160,-161,-159,-150,-154,-163,-181,-181,-174,-174,-173,-181,-173,-174,-178,-181,-321,-174,-416,-370,-446,-432,-405,-387,-434,-281,-281,-281,-281,-281,-8506,-6482,-29973,-29974,-29973,-29974,-29974,-29974]} 1. e4 e5 2. Nf3 Nf6 3. Nxe5 d6 4. Nf3 Nxe4 5. d4 d5 6. Bd3 Nc6 7. O-O Be7 8. Re1 Bg4 9. c4 Nf6 10. cxd5 Qxd5 11. Nc3 {C42: Petroff Defence: 3 Nxe5 and unusual White 3rd moves} Bxf3 (11... Qd7 12. h3 Bh5 13. Bb5 a6 14. Bxc6 bxc6 15. Bf4 Bxf3 16. Qxf3 O-O 17. Be5 Rfb8 18. b3 Ne8 {1-0 (38) Sengupta,D (2565)-Bakre,T (2433) Jammu 2018}) 12. Nxd5 Bxd1 13. Nxf6+ {White is slightly better.} gxf6 14. Rxd1 Nxd4 15. Be4 (15. Be3 $14 Ne6 16. Be4) 15... O-O-O $11 16. Be3 Bc5 17. Rd2 $146 ({Predecessor:} 17. b4 Ne2+ 18. Kf1 Rxd1+ 19. Rxd1 {0-1 (31) Bruce,E (1245)-Sadler,K (1262) LSS email 2008}) 17... Rhe8 18. Bd3 Rxe3 19. fxe3 Ne6 {Played: Nd4-f3} 0-1

[Event "Kashem Chowdhury Rating-A 2019"]
[Site "Dhaka"]
[Date "2019.05.11"]
[Round "8.4"]
[White "Islam, Mohammad Aminul"]
[Black "Islam, Kh. Aminul"]
[Result "1/2-1/2"]
[WhiteElo "2027"]
[BlackElo "2229"]
[Annotator "TA"]
[PlyCount "109"]
[EventDate "2019.05.04"]
[EventType "swiss"]
[EventCountry "BAN"]
[SourceTitle "playchess.com"]
[Source "ChessBase"]
[SourceQuality "1"]

{[%evp 14,109,3,-3,0,0,11,0,0,0,1,8,7,-18,-15,-8,0,-18,-13,-17,0,-17,-15,-19,-14,-24,-19,-27,-14,-25,-27,-35,-14,-18,-8,-32,-23,-21,-6,-48,-48,-60,0,-33,-29,-30,0,0,0,0,12,4,21,0,6,0,7,0,0,0,0,0,0,0,0,0,0,0,0,0,0,0,0,0,0,0,0,0,0,0,0,0,0,0,0,0,0,0,0,0,0,0,0,0,0,0,0,0]} 1. Nf3 Nf6 2. c4 e6 3. g3 d5 4. Bg2 Be7 5. O-O O-O 6. b3 b6 7. Bb2 Bb7 8. Ne5 c5 {A14: English Opening: 1...e6 with b3 by White} 9. d4 Qc8 10. cxd5 Bxd5 11. Bxd5 Nxd5 12. e4 $146 ({Predecessor:} 12. Nc3 Nxc3 13. Bxc3 Nc6 14. dxc5 Nxe5 15. Bxe5 Qxc5 16. Qd4 {½-½ (41) Boensch,U (2490)-Kholmov,R (2540) Halle/Saale 1978}) 12... Nf6 13. Qe2 cxd4 14. Bxd4 Qb7 15. f3 Rd8 16. Bb2 Nbd7 17. Nd2 Nxe5 18. Bxe5 Nd7 19. Bd4 Nc5 20. Bxc5 Bxc5+ 21. Kg2 b5 22. Rfd1 Bd4 23. Rac1 Rd7 24. b4 Bb2 25. Rb1 $1 {[%cal Rb1b2]} Bc3 26. Rb3 Rc8 27. Nb1 {[%cal Bd2b1,Bb1a3,Ba3c2,Bc2e3,Be3d5][%mdl 32]} Bd4 (27... Rxd1 $15 28. Qxd1 Bf6) 28. Na3 (28. Rbd3 $5 {[%cal Rd3d4]} Rcd8 29. R1d2 $11) 28... a6 29. Rbd3 e5 30. Nc2 {[%cal Rc2d4] The position is equal.} Rc4 31. a3 h6 32. Ne3 Rc6 33. Nd5 Rd8 34. f4 {Threatens to win with fxe5.} Rdc8 35. f5 f6 36. g4 Kf8 37. h4 Rc2 38. R3d2 Rxd2 39. Qxd2 Qc6 40. Kf3 Qc4 41. Qd3 Qa2 {[%csl Gd4][%cal Ra2f2] [#]} 42. Rd2 Qa1 43. Rc2 Qh1+ 44. Kg3 Qe1+ 45. Kh3 Qh1+ 46. Kg3 Qg1+ 47. Kh3 Qh1+ 48. Kg3 Qe1+ 49. Kh3 Rxc2 50. Qxc2 Qf1+ 51. Kg3 Qe1+ 52. Kh3 Qf1+ 53. Kg3 Qg1+ 54. Kh3 Qf1+ 55. Kg3 {Accuracy: White = 62%, Black = 70%.} 1/2-1/2

[Event "Kashem Chowdhury Rating-A 2019"]
[Site "Dhaka"]
[Date "2019.05.11"]
[Round "8.5"]
[White "Mohammad Fahad, Rahman"]
[Black "Ahmed, Sk. Nasir"]
[Result "1-0"]
[WhiteElo "2322"]
[BlackElo "2170"]
[Annotator "TA"]
[PlyCount "89"]
[EventDate "2019.05.04"]
[EventType "swiss"]
[EventCountry "BAN"]
[SourceTitle "playchess.com"]
[Source "ChessBase"]
[SourceQuality "1"]

{[%evp 9,89,7,13,-19,-10,-11,-16,-19,-14,-22,-6,-16,-12,-25,-18,-38,-41,-42,-32,-37,-33,-45,-25,-79,-28,-34,-22,-34,-15,-16,-7,-25,81,50,46,31,52,38,40,18,28,29,430,424,437,430,583,593,554,553,545,543,543,535,617,617,617,617,610,603,603,603,603,603,595,595,534,522,574,551,5531,5527,29973,29975,29975,29976,29976,29977,29977,29978,29978,29979]} 1. e4 c6 2. d4 d5 3. e5 c5 4. dxc5 e6 5. Be3 Nd7 6. c4 {B12: Caro-Kann: Advance Variation} (6. Nf3 Bxc5 7. Bxc5 Nxc5 8. Qd4 Qb6 9. a4 Ne7 10. a5 Qc7 11. Qc3 Bd7 12. b4 Na6 13. Qb2 O-O {½-½ (31) Ter Sahakyan,S (2590)-Ponomariov,R (2667) Skopje 2019}) 6... Bxc5 7. Bxc5 Nxc5 8. Nc3 {[%cal Rc4d5] The position is equal.} Ne7 9. b4 $146 ({Predecessor:} 9. Nf3 O-O 10. Rc1 Qa5 11. a3 Ne4 12. Bd3 Nxc3 13. Rxc3 Rd8 {1-0 (24) Bouillod,Y (1975)-Gerard,A (1907) ICCF email 2014}) 9... Nd7 10. Nf3 dxc4 11. Bxc4 O-O 12. Rc1 Nc6 13. Qe2 Nxb4 14. a3 Nd5 15. O-O N7b6 16. Bb3 (16. Bxd5 $11 exd5 17. Rfd1) 16... Bd7 (16... Nxc3 $17 17. Rxc3 Bd7) 17. Nxd5 $11 exd5 18. Qd3 Be6 19. Nd4 Qe7 20. f4 f5 (20... Rac8 $11 {remains equal.}) 21. Nxe6 Qxe6 22. Rc7 Rf7 23. Rfc1 Rd8 24. a4 {[%cal Ba3a4,Ba4a5][%mdl 32]} Rxc7 25. Rxc7 Rd7 $2 {[%mdl 8192] [#]} (25... Rc8 $11 26. Bxd5 (26. Rxb7 Qc6 $11 {[%mdl 64] Double Attack}) 26... Nxd5 27. Rxc8+ Qxc8 28. Qxd5+ Kf8) 26. Rxd7 $1 $18 Qxd7 27. a5 Nc8 {...Ne7 would now be nice for Black.} 28. Qxd5+ Qxd5 29. Bxd5+ {[%mdl 4096] Endgame KB-KN} Kf8 30. Bxb7 Ne7 31. Kf2 Ke8 32. Ke3 Kd7 33. Kd4 Kc7 34. Bd5 Kd7 35. Bf3 Kc7 36. h3 Kd7 37. Bd5 Kc7 38. Be6 Nc6+ 39. Kc5 Nxa5 40. Bd5 h6 41. h4 {White mates.} h5 42. g3 a6 43. e6 g6 44. e7 Kd7 45. Kb4 {Played: Kc5-b6} 1-0

[Event "Kashem Chowdhury Rating-A 2019"]
[Site "Dhaka"]
[Date "2019.05.11"]
[Round "8.6"]
[White "Avik, Sarker"]
[Black "Mehdi Hasan Parag"]
[Result "1-0"]
[WhiteElo "2000"]
[BlackElo "2227"]
[Annotator "TA"]
[PlyCount "63"]
[EventDate "2019.05.04"]
[EventType "swiss"]
[EventCountry "BAN"]
[SourceTitle "playchess.com"]
[Source "ChessBase"]
[SourceQuality "1"]

{[%evp 17,63,-7,0,-29,-22,-24,-24,-24,-24,-14,-10,-23,-15,-41,-31,-48,-14,-8,-21,-22,-23,-37,-25,-34,0,-17,31,43,34,50,76,32,325,327,1004,429,1241,926,1082,1031,1556,1513,29979,29980,29978,29979,29979,29980]} 1. d4 Nf6 2. Nf3 d5 3. Bf4 e6 4. e3 Bd6 5. Bg3 c5 6. c3 O-O 7. Bd3 Nc6 {[%cal Bb8c6,Bc6e7,Be7f5][%mdl 32]} 8. Nbd2 b6 9. Ne5 Bb7 10. f4 {D02: 1 d4 d5 2 Nf3 sidelines, including 2...Nf6 3 g3 and 2...Nf6 3 Bf4} (10. O-O Qc7 11. f4 Ne7 12. Qb1 Qc8 13. Bh4 Nf5 14. Bxf5 exf5 15. Bxf6 gxf6 16. Nef3 Qe6 17. Re1 Ba6 18. Nh4 cxd4 19. exd4 {1-0 (28) Korobov,A (2692)-Dominguez Perez,L (2739) Doha 2016}) 10... Ne7 11. Qf3 Nf5 12. Bf2 {Black has an edge.} Be7 13. g4 Nd6 $1 14. g5 Nfe4 15. Qh3 Rc8 16. Ndf3 c4 $146 ({Predecessor:} 16... b5 17. dxc5 Rxc5 18. Nd4 Qc8 19. O-O Re8 20. a4 a6 21. axb5 axb5 22. Be1 Nc4 23. Nxf7 {1-0 (23) Bohak,J-Simonji,Z Yugoslavia 1988}) 17. Bc2 b5 18. O-O a5 19. Be1 b4 20. cxb4 Nf5 21. Nh4 Nxh4 22. Qxh4 {Black must now prevent Bxe4.} axb4 23. Rf3 $40 {[%mdl 128] Strongly threatening Rh3. White is up to no good.} f6 $1 {[%cal Rf6e5]} 24. g6 (24. Rh3 $5 {[%cal Rh4h7]} fxe5 25. Qxh7+ Kf7 26. Qh5+ g6 27. Qh7+ Ke8 {[#]} 28. Bxb4 $1 $14 {[%mdl 512]}) 24... hxg6 $2 {[%mdl 8192]} ({Black should play} 24... h6 $14 25. Nf7 Qd7) 25. Nxg6 $18 Re8 $2 (25... Bd6 26. Bxe4 dxe4) 26. Rh3 (26. Qh8+ $142 Kf7 27. Qh5) 26... c3 ({Don't blunder} 26... Kf7 $2 27. Qh5) (26... Qc7 $142 27. Rc1 c3 28. Bxe4 dxe4 29. Qh8+ Kf7) 27. Qh7+ Kf7 28. Bxe4 {White threatens Ne5+! and mate.} dxe4 29. Qh5 {Nh8+! would kill now.} Bf8 30. Ne5+ {[%mdl 64] [#] Discovered Attack (Double check). White mates.} Ke7 31. Qf7+ Kd6 32. Qxb7 {[%mdl 64] Double Attack. Accuracy: White = 47%, Black = 42%.} 1-0

[Event "Kashem Chowdhury Rating-A 2019"]
[Site "Dhaka"]
[Date "2019.05.11"]
[Round "8.7"]
[White "Ghosh, Chanchal Kumer"]
[Black "Ahmed, Mahtabuddin"]
[Result "1-0"]
[WhiteElo "2051"]
[BlackElo "2036"]
[Annotator "NA RC"]
[PlyCount "71"]
[EventDate "2019.05.04"]
[EventType "swiss"]
[EventCountry "BAN"]
[SourceTitle "playchess.com"]
[Source "ChessBase"]
[SourceQuality "1"]
[TimeControl "5400+30"]

{[%evp 8,71,58,40,77,54,64,54,77,44,85,70,125,83,32767,6,1,0,154,32767,209,225,310,332,320,243,248,261,329,373,402,395,693,164,311,291,292,319,293,285,435,114,425,283,225,278,265,319,495,257,295,281,32767,89,91,79,96,2,0,-31,32767,583,29981,29983,29998,29999]} 1. e4 {[%emt 0:24:00]} e5 {[%emt 0:00:00]} 2. Nf3 {[%emt 0:00:10]} d6 {[%emt 0:00:00]} 3. d4 {[%emt 0:02:01]} Nd7 {[%emt 0:00:00]} 4. Bc4 {[%emt 0:00:48]} c6 {[%emt 0:00:00]} 5. dxe5 {[%emt 0:00:32]} dxe5 {[%emt 0:00:59]} 6. Ng5 {[%emt 0:10:22]} Nh6 {[%emt 0:00:36]} 7. O-O {[%emt 0:02:33]} Qe7 {[%emt 0:03:21] C41: Philidor Defence} 8. a4 {[%emt 0:09:26]} a5 {[%emt 0:03:37]} (8... f6 9. Nf3 Nf7 10. b3 Nc5 11. Ba3 Qc7 12. Nc3 Ne6 13. Bxf8 Kxf8 14. Qd2 g6 15. Rfd1 {0-1 (72) Deac,B (2385)-Miroshnichenko,E (2609) Calimanesti 2014}) 9. Be3 $146 {[%emt 0:01:16]} ({Predecessor:} 9. Qe2 Nc5 10. Rd1 f6 11. Nxh7 Bg4 12. f3 Rxh7 13. fxg4 Nf7 14. Be3 Ne6 15. Bxe6 Qxe6 {0-1 (47) Kopinits,A (2267)-Runic,Z (2395) Graz 2013}) 9... g6 {[%emt 0:04:42]} 10. h3 {[%emt 0:04:21]} Nc5 {[%emt 0:05:20]} 11. f4 {[%emt 0:09:14]} (11. Qf3 $16) 11... f6 {[%emt 0:08:47]} 12. Nf3 {[%emt 0:04:16]} Nxe4 $2 {[%emt 0:07:25]} (12... exf4 $11 13. Bxf4 Be6) 13. fxe5 {[%emt 0:02:56]} f5 {[%emt 0:02:25] [#]} 14. Nbd2 $1 {[%emt 0:00:41]} Nxd2 {[%emt 0:01:35]} (14... Be6 $142 15. Bxe6 Qxe6 16. Nxe4 fxe4) 15. Qxd2 {[%emt 0:00:26]} Nf7 {[%emt 0:01:07]} 16. e6 {[%emt 0:02:50]} Nd6 {[%emt 0:01:40] [#]} 17. Bd3 $1 {[%emt 0:06:02]} Bxe6 {[%emt 0:18:30]} 18. Bg5 {[%emt 0:02:40]} Qc7 {[%emt 0:16:27]} 19. Rae1 {[%emt 0:04:45]} Kd7 {[%emt 0:04:11]} (19... Ne4 $142 20. Bxe4 Bb4) 20. Bf6 $2 {[%emt 0:03:16]} (20. Qc3) 20... Rg8 {[%emt 0:01:07]} 21. Rxe6 {[%emt 0:04:09]} Kxe6 {[%emt 0:00:43]} 22. Re1+ {[%emt 0:00:23]} Kd7 {[%emt 0:08:33]} 23. Bc4 $1 {[%emt 0:00:45]} Rg7 {[%emt 0:00:19] [#]} (23... Qb6+ $142 24. Kh1 Rg7) 24. Be6+ $1 {[%emt 0:00:44]} Ke8 {[%emt 0:00:02]} 25. Bxf5+ {[%emt 0:01:21]} Re7 {[%emt 0:00:57]} 26. Bxe7 {[%emt 0:00:23]} Bxe7 {[%emt 0:00:07]} 27. Be6 {[%emt 0:00:54]} Nf7 {[%emt 0:03:44]} (27... Qb6+ $142 28. Kh1 Qxb2) 28. Qd4 {[%emt 0:00:53]} Kf8 {[%emt 0:01:59]} 29. Bxf7 {[%emt 0:01:16]} Kxf7 {[%emt 0:00:02] [#]} 30. Ne5+ {[%emt 0:00:08]} (30. Qc4+ $1 $18 Kg7 31. Nd4) 30... Kg8 {[%emt 0:00:49]} 31. Qc4+ {[%emt 0:00:31]} Kh8 {[%emt 0:00:13] [#]} 32. Kh1 {[%emt 0:00:46]} (32. Qf4 $1 $16 Bc5+ 33. Kh1) 32... Bf6 {[%emt 0:00:52]} 33. Ng4 {[%emt 0:00:30]} Rf8 {[%emt 0:01:09]} 34. Nxf6 {[%emt 0:00:22]} Rxf6 {[%emt 0:00:04]} 35. Re8+ {[%emt 0:00:08]} Kg7 {[%emt 0:00:05]} 36. Rg8+ {[%emt 0:00:04]} 1-0

[Event "Kashem Chowdhury Rating-A 2019"]
[Site "Dhaka"]
[Date "2019.05.11"]
[Round "8.8"]
[White "Mohammad, Javed"]
[Black "Chowdhury, Sohel"]
[Result "1/2-1/2"]
[WhiteElo "2152"]
[BlackElo "2044"]
[Annotator "TA"]
[PlyCount "117"]
[EventDate "2019.05.04"]
[EventType "swiss"]
[EventCountry "BAN"]
[SourceTitle "playchess.com"]
[Source "ChessBase"]
[SourceQuality "1"]

{[%evp 15,117,36,30,30,35,31,21,24,37,19,23,4,47,33,59,0,12,0,0,-41,-32,-37,-36,-54,-31,-39,-22,-45,0,-26,-19,-29,0,-15,-15,-71,0,0,0,0,0,0,153,160,205,193,159,170,185,63,119,120,237,131,142,20,21,18,64,52,92,22,19,0,72,65,72,0,8,17,39,4,22,-8,0,0,0,0,0,-15,0,-95,0,0,0,0,0,-68,-79,-70,-72,-81,-73,-153,-148,-163,0,0,0,0,0,0,0,0]} 1. e4 c6 2. d4 d5 3. Nc3 dxe4 4. Nxe4 Bf5 5. Ng3 Bg6 6. Nf3 Nd7 7. Bd3 e6 8. O-O Ngf6 9. Bxg6 {B18: Classical Caro-Kann: 4...Bf5 sidelines} (9. b3 a5 10. a4 Bd6 11. Bb2 Qc7 12. Re1 O-O 13. Bxg6 hxg6 14. Ne5 b5 15. Qf3 bxa4 16. Rxa4 Nb6 17. Raa1 {½-½ (31) Paehtz,E (2513)-Karjakin,S (2760) Douglas 2018}) 9... hxg6 10. Qe2 Qc7 11. Bg5 Bd6 12. c4 O-O 13. Rfe1 Bxg3 14. hxg3 Qb6 $146 ({Predecessor:} 14... Rfd8 15. b3 a5 {1-0 (37) Polyakov,E (2115)-Shishkov,V (2075) ICCF email 2014}) 15. b4 (15. b3 $14) 15... a5 16. b5 cxb5 17. cxb5 a4 18. Rec1 Rfc8 19. Bd2 Nd5 20. Qd3 Qd6 21. Rab1 Qb6 22. Ng5 N7f6 23. Nf3 Nd7 24. g4 Qd6 25. g3 (25. g5 $11) 25... N5f6 (25... N5b6 $1 $17) 26. g5 $11 Nd5 27. Kg2 Rxc1 28. Rxc1 e5 $2 (28... N5b6 $11) 29. Qe4 $36 {[%cal Rd4e5][%mdl 2048] White is really pushing.} exd4 30. Rh1 (30. Nxd4 N5b6 $11) 30... f5 31. gxf6 $1 (31. Qxd4 $6 Qc5 $14) 31... N7xf6 32. Qxg6 ({Resist} 32. Qxd4 Qd7 $16) (32. Qh4 $1 $18 {[%cal Rh4h8] And now Qh8+ would win.} Nh5 33. Qxd4) 32... Ne7 (32... Qd7 $14) 33. Qd3 Rd8 (33... Qd5 $16) 34. Rh4 (34. Bg5 $18) 34... Qe6 35. Rxd4 (35. Bg5 $1 $16 {[%cal Rg5f6] Bxf6 is the strong threat.} Nf5 36. Bxf6 gxf6 37. Rg4+ Kf7 38. Rf4 (38. Nxd4 Qd5+ 39. Kg1 Nxd4 $17)) 35... Rxd4 $11 36. Qxd4 Qe4 37. Qd6 Nf5 38. Qd8+ (38. Qe5 $16) 38... Kh7 39. Bg5 Ng4 (39... Nxg3 $11 40. Bxf6 (40. fxg3 Qe2+ {[%mdl 64] Double Attack} 41. Kg1 Ne4 $17) 40... Nh5) 40. Bf4 $16 Nf6 41. Qc7 (41. Be5 $16) 41... Nd4 42. Qc3 Nxb5 43. Qb2 (43. Qc5 $5 {[%cal Rc5b5]} Qc6 44. Qf5+ Kg8 45. Be5 $14) 43... Na7 44. Qa3 Nc6 45. Kg1 {aiming for Ng5+.} Qb1+ 46. Kg2 Qe4 47. Kg1 Qb1+ 48. Kh2 (48. Kg2 $11 {keeps the balance.}) 48... Ng4+ (48... Qf1 $17 {[%cal Rf6g4]} 49. Ng5+ Kg6) 49. Kg2 $11 {Black must now prevent Ng5+.} Qe4 50. Qc5 {next Qh5+ is good for White.} Nf6 51. Qb6 ({White should try} 51. Bc1 $11) 51... Nd5 $15 52. Qb2 Nxf4+ 53. gxf4 Qxf4 {Threatens to win with ...Qg4+.} 54. Nh2 {[#]} (54. Qb1+ $142 Kg8 55. Qd3) 54... Qg5+ $1 $17 55. Kf1 {[#]} Qh5 $2 ({Black should play} 55... Qd5 $1 $19 {[%cal Rd5h1] Hoping for ...Qh1+.} 56. Qc2+ Kh8) 56. Qxb7 $11 {The position is equal.} Qxh2 57. Qxc6 Qh3+ 58. Ke2 Qg4+ 59. Kf1 {Accuracy: White = 26%, Black = 42%.} 1/2-1/2

[Event "Kashem Chowdhury Rating-A 2019"]
[Site "Dhaka"]
[Date "2019.05.11"]
[Round "8.9"]
[White "Md. Jamal Uddin"]
[Black "Nayem, Haque"]
[Result "1/2-1/2"]
[WhiteElo "2084"]
[BlackElo "2106"]
[Annotator "TA"]
[PlyCount "209"]
[EventDate "2019.05.04"]
[EventType "swiss"]
[EventCountry "BAN"]
[SourceTitle "playchess.com"]
[Source "ChessBase"]
[SourceQuality "1"]

{[%evp 9,209,16,23,-12,13,1,11,-6,19,6,14,12,69,29,47,18,18,11,28,28,28,28,28,23,25,28,35,29,25,12,102,106,181,180,186,70,71,75,256,84,314,223,239,183,244,227,270,268,347,318,319,210,210,220,217,224,222,222,218,159,185,166,166,166,174,104,104,120,119,106,131,120,134,63,173,173,173,166,166,166,173,166,166,166,166,39,39,39,39,38,45,45,45,45,45,19,19,17,17,17,18,0,0,0,0,0,0,0,0,0,0,-8,-8,-8,-4,-9,-7,-30,0,-6,0,-48,-47,-35,0,0,0,0,0,0,0,0,0,-17,0,0,0,0,0,0,0,0,0,-9,-9,-9,-9,-9,0,0,0,0,0,0,0,0,0,0,0,0,0,0,0,0,0,0,0,0,0,0,0,0,0,0,0,0,0,0,0,0,0,0,0,0,0,0,0,0,0,0,0,0,0,0,0,0,0,0,0,0,0,0]} 1. d4 Nf6 2. c4 e6 3. g3 d5 4. Bg2 b6 5. Nf3 Bb7 6. a3 {E16: Queen's Indian: 4 g3 Bb7 5 Bg2 Bb4+} Be7 7. O-O O-O 8. Qc2 (8. Ne5 c5 9. Nc3 Nbd7 10. cxd5 Nxe5 11. d6 Bxd6 12. Bxb7 cxd4 13. Bxa8 dxc3 {1-0 (30) Mamedyarov,S (2736)-Fridman,D (2649) Berlin 2015}) 8... Nbd7 9. cxd5 exd5 10. Nc3 Rc8 (10... Re8 $11) 11. Rd1 c6 $146 ({Predecessor:} 11... c5 12. Qf5 Re8 13. Bf4 Nf8 14. e4 g6 15. Qh3 c4 16. e5 {1-0 (38) Lange,B (1835)-Kratz,R (1764) Zweibruecken 2013}) 12. Bg5 h6 13. Bd2 Bd6 14. Nh4 Re8 15. Nf5 Bf8 16. Bf4 Nh5 17. Bd6 Nhf6 18. Bh3 Ra8 19. f3 Nh7 (19... Bc8 $11) 20. e4 $36 {[%mdl 2048] White is really pushing.} Ng5 (20... Bc8 $16 {is a better defense.}) 21. Bg2 $18 Re6 {[#]} 22. e5 ({White should play} 22. Bxf8 $1 $18 Nxf8 23. h4) 22... Bxd6 23. Nxd6 Qb8 $2 (23... Rxd6 $16 24. exd6 Nf6) 24. f4 $2 (24. Nxb7 $18 {is more deadly.} Qxb7 25. f4) 24... Nh7 $2 (24... Rxd6 $16 25. exd6 Ne6) 25. Nxb7 Qxb7 26. f5 Re7 (26... Ree8 $142 27. Ne2 a6) 27. Rac1 Rae8 28. Ne2 c5 29. Nf4 (29. dxc5 Nxe5 30. Nf4 (30. Bxd5 Qb8 $11) (30. Rxd5 Qa6 $11) 30... Nf6 $16) 29... cxd4 30. Nxd5 Nxe5 {If only Black now had time for ...d3....} 31. f6 (31. Nxe7+ Qxe7 32. Rf1 Nf6 $14) 31... Rd7 32. Ne7+ {[%mdl 64] Discovered Attack} Rdxe7 33. Bxb7 Rxb7 34. fxg7 d3 35. Rxd3 Nxd3 36. Qxd3 Rbe7 37. Rc6 (37. Rf1 $18) 37... Re3 $16 38. Qc4 R3e4 39. Qa6 Kxg7 40. Qd3 (40. Qxa7 Re1+ 41. Kg2 R8e2+ 42. Kf3 Ng5+ 43. Kg4 Rxb2 $19) 40... Nf6 {[#] intending ...Re1+.} 41. Qc3 (41. Rc1 $1 $16) 41... R8e6 (41... Re1+ $14 42. Kf2 R8e2+ 43. Kf3 Re5) 42. Rxe6 $18 Rxe6 {[%mdl 4096] Endgame KQ-KRN} 43. h4 a5 44. Kg2 Kh7 45. Qd3+ Kg7 46. Qd4 Kh7 47. g4 (47. Kf3 $18) 47... Nxg4 $1 $14 48. Kg3 ({But not} 48. Qxg4 $2 Rg6 $19) 48... Nf6 49. Qd3+ {[%mdl 1024] White has compensation.} Kg8 50. Kf4 Nh5+ 51. Kg4 Ng7 52. h5 Ne8 53. Qb5 Nf6+ 54. Kf4 Kg7 55. a4 Re4+ 56. Kf5 Rh4 57. Qc6 Rxh5+ 58. Kf4 Rg5 59. b3 Rg6 60. Kf5 Nd5 61. Qc1 Rg5+ 62. Ke4 Nf6+ 63. Kf3 Rf5+ 64. Kg3 b5 65. Qc2 Rg5+ 66. Kh3 bxa4 67. bxa4 {The position is equal.} Rg4 68. Qd1 Rg5 69. Qc2 Ng4 70. Kh4 Ne5 71. Qc3 f6 72. Kh3 Nf7 73. Kh4 h5 74. Qc7 Kg6 75. Qc2+ Kh6 76. Qc7 Rg4+ {[%mdl 64] Double Attack} 77. Kh3 Ng5+ 78. Kh2 h4 ({Much less strong is} 78... Rxa4 79. Qd8 $17) 79. Qc6 Kg6 80. Qe8+ Kh6 81. Qf8+ Kg6 82. Qe8+ Kh6 83. Qf8+ Kg6 84. Qe8+ Kf5 85. Qd7+ Kf4 86. Qd6+ Kf5 {Strongly threatening ...Nf3+.} 87. Qd7+ Kf4 {( -> ...Nf3+)} 88. Qd6+ Ke3 89. Qc5+ Rd4 90. Qc3+ Ke4 91. Qxa5 Rd2+ 92. Kg1 Nf3+ 93. Kf1 Nh2+ (93... h3 $5 {[%cal Rh3h2]} 94. Qb4+ Rd4 95. Qe7+ Kf5 $11) 94. Kg1 Nf3+ 95. Kf1 Rd1+ 96. Kg2 Rd2+ 97. Kf1 Nh2+ 98. Ke1 Nf3+ 99. Kf1 Nh2+ 100. Ke1 Nf3+ 101. Kf1 h3 {White must now prevent ...h2.} 102. Qa8+ Kf4 {aiming for ...h2.} 103. Qb8+ Kg4 {Hoping for ...h2.} 104. Qg8+ Kf5 {And now ...h2 would win.} (104... Ng5 $5 105. Kg1 $8 Kh4 106. Qh8+ Kg3 107. Qb8+ Kf3 $11) 105. Qc8+ {Accuracy: White = 53%, Black = 51%.} 1/2-1/2